[Event "BL 8586 Lasker-Heidelberg"]
[Site "?"]
[Date "1985.??.??"]
[Round "?.1"]
[White "Neunhoeffer, H."]
[Black "Wockenfuss, K."]
[Result "1-0"]
[WhiteElo "2235"]
[BlackElo "2370"]
[PlyCount "85"]
[EventDate "1985.??.??"]

1. d4 d6 2. c4 e5 3. Nf3 e4 4. Nfd2 f5 5. e3 c6 6. f4 Nf6 7. Be2 g6 8. Nc3 Bg7
9. Rb1 a5 10. a3 h5 11. b4 axb4 12. axb4 Ng4 13. Nb3 Be6 14. c5 d5 15. Na5 Ra7
16. Ra1 g5 17. h3 gxf4 18. hxg4 hxg4 19. Rxh8+ Bxh8 20. exf4 Qh4+ 21. Kd2 Bxd4
22. Kc2 Bg7 23. g3 Qxg3 24. Ra3 Qh2 25. Be3 Qh8 26. Na4 d4 27. Bg1 Qh1 28. Bc4
Rxa5 29. Bxe6 Rb5 30. Qe1 Na6 31. Bxf5 Nxb4+ 32. Kc1 e3 33. Nc3 Rxc5 34. Kb1
Rxc3 35. Rxc3 dxc3 36. Qxe3+ Kf8 37. Bg6 c2+ 38. Kc1 Na2+ 39. Kxc2 Qg2+ 40. Bf2
Nb4+ 41. Kb1 Qf1+ 42. Be1 Bd4 43. Qe8+ 1-0

[Event "BL 8586 Lasker-Heidelberg"]
[Site "?"]
[Date "1985.??.??"]
[Round "?.2"]
[White "Muse, M."]
[Black "Steinbacher, M."]
[Result "1-0"]
[WhiteElo "2430"]
[BlackElo "2290"]
[PlyCount "81"]
[EventDate "1985.??.??"]

1. d4 Nf6 2. c4 d6 3. Nc3 e5 4. g3 exd4 5. Qxd4 Be6 6. Nd5 Bxd5 7. cxd5 c6 8.
dxc6 Nxc6 9. Qa4 d5 10. a3 Bc5 11. Bg2 O-O 12. Nh3 Re8 13. O-O Rxe2 14. Qb5 Qe7
15. Bg5 Bd4 16. Rab1 a6 17. Qb3 Rd8 18. Bf3 Re5 19. Bf4 Rf5 20. g4 Re5 21. Kh1
Ba7 22. Bxe5 Qxe5 23. Rbe1 Qd6 24. Bg2 Nxg4 25. Qg3 Qd7 26. Nf4 Nf6 27. Bh3 Qd6
28. Nh5 g6 29. Qxd6 Rxd6 30. Nxf6+ Rxf6 31. Bc8 Rd6 32. Bxb7 Na5 33. Re7 Bd4
34. Rd1 Bxb2 35. Rxd5 Rf6 36. Re4 Rxf2 37. Ra4 Bc3 38. Rd3 Be1 39. Re4 Bd2 40.
Kg1 Rf5 41. Rxd2 1-0

[Event "BL 8586 Lasker-Heidelberg"]
[Site "?"]
[Date "1985.??.??"]
[Round "?.3"]
[White "Mack, P."]
[Black "Schussler, H."]
[Result "1/2-1/2"]
[WhiteElo "2280"]
[BlackElo "2465"]
[PlyCount "72"]
[EventDate "1985.??.??"]

1. Nf3 Nf6 2. g3 b6 3. Bg2 Bb7 4. O-O g6 5. b3 Bg7 6. Bb2 O-O 7. d4 c5 8. c4
cxd4 9. Nxd4 Bxg2 10. Kxg2 d5 11. Nd2 e5 12. Nc2 Nc6 13. cxd5 Qxd5+ 14. Nf3 Qe6
15. e3 Ne4 16. Qe2 Rac8 17. Rac1 Rfd8 18. Rfd1 Nc5 19. Rxd8+ Rxd8 20. Rd1 Nd3
21. Ba1 Qd5 22. Kf1 e4 23. Nfe1 Bxa1 24. Nxa1 Nce5 25. Nac2 Nf3 26. Nxf3 exf3
27. Qd2 Qf5 28. Ne1 Qh3+ 29. Kg1 Rd4 30. Nxf3 Nf4 31. exf4 Rxd2 32. Rxd2 Qc8
33. Re2 Qc1+ 34. Kg2 Qc6 35. a4 h6 36. h4 Kf8 1/2-1/2

[Event "BL 8586 Lasker-Heidelberg"]
[Site "?"]
[Date "1985.??.??"]
[Round "?.6"]
[White "Paulsen, D."]
[Black "Nonnenmacher, E."]
[Result "1-0"]
[WhiteElo "2345"]
[BlackElo "2305"]
[PlyCount "53"]
[EventDate "1985.??.??"]

1. d4 Nf6 2. c4 e6 3. Nf3 Bb4+ 4. Bd2 Qe7 5. g3 O-O 6. Bg2 Bxd2+ 7. Qxd2 Ne4 8.
Qc2 f5 9. Nfd2 Nxd2 10. Qxd2 d6 11. Nc3 Nd7 12. O-O Qf7 13. f4 Nf6 14. e4 fxe4
15. Nxe4 Nxe4 16. Bxe4 d5 17. Bg2 Bd7 18. Rae1 c6 19. Qb4 dxc4 20. f5 Qf6 21.
Qd6 exf5 22. Qxd7 Rfd8 23. Qxf5 Qxd4+ 24. Kh1 Rf8 25. Qe6+ Kh8 26. Rxf8+ Rxf8
27. Qf7 1-0

[Event "BL 8586 München 36-Erlangen"]
[Site "?"]
[Date "1985.??.??"]
[Round "?.1"]
[White "Hartmann, Wo"]
[Black "Unzicker, W."]
[Result "0-1"]
[WhiteElo "2315"]
[BlackElo "2470"]
[PlyCount "82"]
[EventDate "1985.??.??"]

1. f4 d5 2. g3 Nf6 3. Bg2 g6 4. Nf3 Bg7 5. O-O O-O 6. d3 Nc6 7. Nh4 e5 8. f5
Ne7 9. Bh3 h6 10. g4 g5 11. Nf3 Nc6 12. Ne1 b6 13. e3 e4 14. d4 Ba6 15. Rf2 Na5
16. b3 c5 17. c3 Re8 18. Bf1 Bxf1 19. Kxf1 Qc7 20. Bb2 Rad8 21. Kg1 Bf8 22. Rg2
Bd6 23. Qe2 c4 24. b4 Nc6 25. a4 a6 26. Nc2 Kg7 27. Nd2 Rh8 28. Nf1 Ne7 29. Ng3
Bxg3 30. Rxg3 h5 31. gxh5 Rxh5 32. Qg2 Rdh8 33. Rxg5+ Rxg5 34. Qxg5+ Kf8 35.
Qf4 Qxf4 36. exf4 Nxf5 37. Kg2 Rg8+ 38. Kh3 Ng4 39. Rf1 e3 40. Kg2 Ne5+ 41. Kh1
Nd3 0-1

[Event "BL 8586 München 36-Erlangen"]
[Site "?"]
[Date "1985.??.??"]
[Round "?.2"]
[White "Smejkal, J."]
[Black "Huenerkopf, H."]
[Result "1/2-1/2"]
[WhiteElo "2565"]
[BlackElo "2320"]
[PlyCount "119"]
[EventDate "1985.??.??"]

1. c4 Nf6 2. Nc3 e5 3. Nf3 Nc6 4. g3 Bb4 5. Bg2 O-O 6. Nd5 e4 7. Nh4 Bc5 8. O-O
Re8 9. d3 exd3 10. Qxd3 Ne5 11. Qc2 c6 12. Be3 cxd5 13. Bxc5 Qc7 14. Bd4 Qxc4
15. Qd2 Ne4 16. Qe3 Ng4 17. Qd3 Ne5 18. Qe3 Ng4 19. Qd3 Ne5 20. b3 Qb4 21. Bxe5
Rxe5 22. Nf3 Re8 23. e3 Nf6 24. Rfc1 Qe4 25. Qd2 Qf5 26. Nd4 Qh5 27. Nb5 d6 28.
Nc7 Bg4 29. Nxa8 Rxa8 30. Qd4 Re8 31. Qf4 h6 32. Rc7 Re5 33. Rac1 Rf5 34. Qd4
Ne4 35. f4 Bf3 36. R7c2 Nf6 37. Bxf3 Qxf3 38. Qd3 g6 39. Qe2 Qe4 40. Rd2 Qe6
41. Rd4 Rh5 42. Qf3 Ng4 43. Rc2 Qf5 44. Rcd2 Qb1+ 45. Qf1 Qf5 46. h3 Nf6 47. g4
Nxg4 48. hxg4 Qxg4+ 49. Qg2 Qf5 50. Rd1 Rh4 51. Kf1 Rg4 52. Qf3 Qh5 53. Rxd5
Rg1+ 54. Kxg1 Qxf3 55. R5d2 h5 56. Re1 d5 57. Rf2 Qg3+ 58. Kf1 Qh3+ 59. Ke2 Qf5
60. Rd1 1/2-1/2

[Event "BL 8586 München 36-Erlangen"]
[Site "?"]
[Date "1985.??.??"]
[Round "?.3"]
[White "Heidrich, M."]
[Black "Nikolac, J."]
[Result "0-1"]
[WhiteElo "2260"]
[BlackElo "2440"]
[PlyCount "72"]
[EventDate "1985.??.??"]

1. e4 e5 2. Nf3 Nc6 3. Nc3 Nf6 4. Bb5 Bb4 5. O-O O-O 6. d3 d6 7. Bg5 Bxc3 8.
bxc3 Qe7 9. Re1 Nd8 10. d4 Ne6 11. Bc1 c5 12. Bf1 Qc7 13. d5 Nd8 14. c4 Ne8 15.
Nh4 f6 16. g3 Nf7 17. f4 g6 18. Bd2 Ng7 19. Bc3 Bd7 20. Qd2 a6 21. a4 b6 22.
Bd3 Qc8 23. Reb1 Rb8 24. a5 b5 25. cxb5 axb5 26. Qe3 b4 27. Bd2 Re8 28. Nf3
exf4 29. gxf4 c4 30. Bf1 c3 31. Be1 Nf5 32. Qd3 Bb5 33. exf5 Bxd3 34. Bxd3 Re3
35. Nd4 Rxe1+ 36. Rxe1 Qc5 0-1

[Event "BL 8586 München 36-Erlangen"]
[Site "?"]
[Date "1985.??.??"]
[Round "?.4"]
[White "Bastian, H."]
[Black "Roeder, G."]
[Result "1/2-1/2"]
[WhiteElo "2375"]
[BlackElo "2315"]
[PlyCount "105"]
[EventDate "1985.??.??"]

1. e4 e5 2. Nf3 Nf6 3. Nc3 Bb4 4. Nxe5 O-O 5. Be2 Re8 6. Nd3 Bxc3 7. dxc3 Nxe4
8. Nf4 d6 9. O-O Nc6 10. Re1 Bf5 11. Be3 h6 12. a4 Qd7 13. a5 Ne5 14. c4 Qc6
15. Qd4 Ng5 16. Nd5 Ne6 17. Qc3 Be4 18. Rad1 b6 19. f3 Bxd5 20. Rxd5 Ng6 21.
Qd2 Rad8 22. b3 Nef8 23. axb6 axb6 24. Bd3 Ne7 25. Rh5 d5 26. cxd5 Nxd5 27. Be4
Nxe3 28. Bxc6 Rxd2 29. Bxe8 Nxg2 30. Re7 Ng6 31. Rd7 Rxc2 32. Bxf7+ Kh7 33.
Bxg6+ Kxg6 34. Rhd5 Ne1 35. Kf1 Nxf3 36. h3 Rb2 37. Rd3 Ne5 38. Rg3+ Kf6 39.
Rxc7 g5 40. Rb7 Kf5 41. Rxb6 h5 42. Rb5 Kf4 43. Rc3 g4 44. hxg4 hxg4 45. Rxe5
Kxe5 46. b4 Kf4 47. b5 g3 48. Rc8 Rxb5 49. Rf8+ Kg4 50. Kg1 Rb1+ 51. Kg2 Rb2+
52. Kg1 Rc2 53. Rg8+ 1/2-1/2

[Event "BL 8586 München 36-Erlangen"]
[Site "?"]
[Date "1985.??.??"]
[Round "?.5"]
[White "Tischer, G."]
[Black "Zysk, R."]
[Result "0-1"]
[WhiteElo "2335"]
[BlackElo "2340"]
[PlyCount "92"]
[EventDate "1985.??.??"]

1. d4 Nf6 2. c4 e6 3. Nf3 b6 4. g3 Ba6 5. Nbd2 c5 6. Bg2 Bb7 7. O-O cxd4 8.
Nxd4 Qc8 9. b3 Nc6 10. Bb2 Nxd4 11. Bxd4 Bxg2 12. Kxg2 Qb7+ 13. Kg1 Be7 14. e4
h5 15. e5 Ng4 16. Qe2 O-O-O 17. Ne4 f5 18. exf6 gxf6 19. c5 e5 20. Bc3 bxc5 21.
Ba5 Rdg8 22. Rac1 Qc6 23. f3 f5 24. fxg4 Qxe4 25. Qxe4 fxe4 26. gxh5 Rxh5 27.
Rf7 Re8 28. b4 Kb7 29. bxc5 Kc6 30. Bd2 Rhh8 31. Be3 Rhf8 32. Rcf1 Rxf7 33.
Rxf7 Bxc5 34. Bxc5 Kxc5 35. Rxd7 Rf8 36. Rd1 e3 37. g4 Kc4 38. g5 e2 39. Rb1
Kd3 40. h4 Kc2 41. Ra1 Kd2 42. g6 Rf4 43. g7 Rg4+ 44. Kf2 Rxg7 45. a4 e1=Q+ 46.
Rxe1 Rf7+ 0-1

[Event "BL 8586 München 36-Erlangen"]
[Site "?"]
[Date "1985.??.??"]
[Round "?.6"]
[White "Kaiser, W."]
[Black "Autenrieth, M."]
[Result "1-0"]
[WhiteElo "2355"]
[BlackElo "2315"]
[PlyCount "51"]
[EventDate "1985.??.??"]

1. d4 d6 2. c4 Nd7 3. Nc3 e5 4. Nf3 g6 5. e4 Bg7 6. Be3 Ngf6 7. h3 O-O 8. d5 a5
9. g4 Nc5 10. Nd2 Ne8 11. h4 f5 12. gxf5 gxf5 13. Qe2 Nf6 14. Bxc5 dxc5 15. Bh3
fxe4 16. Ndxe4 Nxe4 17. Nxe4 Rf4 18. O-O-O Qf8 19. Rdg1 Kh8 20. Bxc8 Rxc8 21.
Rg4 Bh6 22. Kb1 Qf5 23. Rhg1 Rf8 24. b3 b6 25. Rxf4 exf4 26. Qb2+ 1-0

[Event "BL 8586 Bayern-Bamberg"]
[Site "?"]
[Date "1985.??.??"]
[Round "?.1"]
[White "Seppeur, R."]
[Black "Ribli, Z."]
[Result "0-1"]
[WhiteElo "2295"]
[BlackElo "2605"]
[PlyCount "71"]
[EventDate "1985.??.??"]

1. e4 c5 2. Nf3 d6 3. c3 Nf6 4. h3 g6 5. Bd3 Bg7 6. Bc2 e5 7. O-O Nc6 8. d4
exd4 9. cxd4 cxd4 10. Nxd4 O-O 11. Be3 d5 12. Nc3 Ne5 13. Bg5 dxe4 14. Nxe4 Qb6
15. Nxf6+ Bxf6 16. Bxf6 Qxf6 17. Qe2 Bd7 18. Rad1 Rfe8 19. Qd2 Rad8 20. Qc3 Rc8
21. Qa3 a6 22. Bb3 Kg7 23. Bd5 b5 24. b3 Rc3 25. Qb4 Rec8 26. Be4 Qb6 27. Qe7
Re8 28. Qh4 b4 29. Kh1 f5 30. f4 Nf7 31. Bd5 Nd6 32. Rfe1 Ne4 33. Bxe4 fxe4 34.
f5 Qf6 35. Qxf6+ Kxf6 36. Ne2 {.../53/} 0-1

[Event "BL 8586 Bayern-Bamberg"]
[Site "?"]
[Date "1985.??.??"]
[Round "?.2"]
[White "Kindermann, S."]
[Black "Rodriguez, M."]
[Result "1-0"]
[WhiteElo "2480"]
[BlackElo "2465"]
[PlyCount "99"]
[EventDate "1985.??.??"]

1. e4 e6 2. d4 d5 3. Nd2 Nf6 4. e5 Nfd7 5. c3 c5 6. f4 Nc6 7. Ndf3 Qb6 8. a3 a5
9. g3 Ndb8 10. Ne2 Bd7 11. Bg2 a4 12. O-O Na5 13. f5 Nb3 14. Rb1 Nc6 15. Be3
Be7 16. dxc5 Bxc5 17. Bxc5 Qxc5+ 18. Kh1 Qe3 19. Nf4 O-O-O 20. Ng5 Rdf8 21.
fxe6 fxe6 22. Ngxe6 Bxe6 23. Nxe6 Rxf1+ 24. Qxf1 Qxe5 25. Re1 Qd6 26. Nxg7 Rf8
27. Re8+ Rxe8 28. Nxe8 Qg6 29. Nf6 Nd2 30. Qe1 Qxf6 31. Qxd2 d4 32. cxd4 Nxd4
33. h4 Qe5 34. Qc3+ Kb8 35. Kh2 Qf6 36. Qe3 Qb6 37. Qe8+ Kc7 38. Qe5+ Kc8 39.
Qh8+ Kc7 40. Qxh7+ Kb8 41. Qg8+ Ka7 42. Qc4 Qxb2 43. Qxa4+ Kb8 44. Qe8+ Ka7 45.
Qe4 Nc6 46. a4 Qf2 47. h5 Qb6 48. h6 Nd4 49. h7 Qf6 50. Qxb7# 1-0

[Event "BL 8586 Bayern-Bamberg"]
[Site "?"]
[Date "1985.??.??"]
[Round "?.3"]
[White "Ruehrig, V."]
[Black "Bischoff, K."]
[Result "0-1"]
[WhiteElo "2375"]
[BlackElo "2415"]
[PlyCount "104"]
[EventDate "1985.??.??"]

1. e4 c5 2. Nf3 e6 3. d4 cxd4 4. Nxd4 Nc6 5. Nb5 d6 6. c4 Nf6 7. N1c3 a6 8. Na3
Be7 9. Be2 O-O 10. O-O b6 11. Be3 Ne5 12. f4 Ned7 13. Qc2 Bb7 14. Rae1 Qb8 15.
Bd3 Rc8 16. Qe2 Qc7 17. Bf2 Nf8 18. Nab1 Ng6 19. g3 Nd7 20. Nd2 Re8 21. Rc1
Rac8 22. Bc2 Red8 23. b4 Bf6 24. Ba4 Ngf8 25. Rc2 Qb8 26. Rfc1 Ba8 27. Qd3 Qb7
28. Bd4 Be7 29. g4 Ng6 30. Be3 Nf6 31. h3 d5 32. cxd5 Bxb4 33. Bc6 Qxc6 34. g5
Nh5 35. Na4 Nhxf4 36. Rxc6 Rxc6 37. Qxa6 Rxc1+ 38. Nf1 Rcc8 39. Nxb6 Rb8 40.
dxe6 Nxe6 41. Ng3 Bc5 42. Bxc5 Nxc5 43. Qc4 Nxe4 44. Nxe4 Bxe4 45. Qc7 Re8 46.
a4 Rbd8 47. a5 Rd2 48. Qc3 Rg2+ 49. Kf1 Nf4 50. a6 Bd3+ 51. Qxd3 Nxd3 52. Kxg2
Re2+ 0-1

[Event "BL 8586 Bayern-Bamberg"]
[Site "?"]
[Date "1985.??.??"]
[Round "?.5"]
[White "Treppner, G."]
[Black "Calvo Minguez, R."]
[Result "0-1"]
[WhiteElo "2280"]
[BlackElo "2435"]
[PlyCount "90"]
[EventDate "1985.??.??"]

1. d4 g6 2. e4 d6 3. Nc3 c6 4. a4 Nf6 5. Nf3 Bg4 6. Be2 Nbd7 7. O-O d5 8. e5
Nh5 9. Ng5 Bxe2 10. Qxe2 e6 11. Qf3 Qe7 12. Nh3 h6 13. a5 Qh4 14. Ne2 Be7 15.
Nhf4 Nxf4 16. Nxf4 Bd8 17. g3 Qe7 18. b3 Qf8 19. c4 Qg7 20. cxd5 cxd5 21. Qc3
h5 22. Ba3 h4 23. g4 Qh6 24. Nd3 h3 25. Kh1 g5 26. Bd6 Qh7 27. f3 a6 28. Rfd1
f5 29. exf6 Bxf6 30. Ne5 Nxe5 31. dxe5 Be7 32. Qc7 Bxd6 33. Qxd6 Qf7 34. Rd3
Rc8 35. Kg1 Qd7 36. Qb6 Rf8 37. Qe3 Rf4 38. Rd4 Rxd4 39. Qxd4 Qc7 40. Qd3 Qxe5
41. Rd1 Rc3 42. Qg6+ Kd8 43. Qg8+ Kc7 44. Qh7+ Kd6 45. Qxh3 Qe3+ 0-1

[Event "BL 8586 Bayern-Bamberg"]
[Site "?"]
[Date "1985.??.??"]
[Round "?.6"]
[White "Hertneck, G."]
[Black "Kestler, H."]
[Result "1-0"]
[WhiteElo "2410"]
[BlackElo "2410"]
[PlyCount "63"]
[EventDate "1985.??.??"]

1. d4 Nf6 2. c4 d6 3. Nf3 g6 4. g3 Bg7 5. Bg2 O-O 6. O-O Nc6 7. d5 Na5 8. Nfd2
c5 9. Nc3 a6 10. Rb1 Rb8 11. b3 b5 12. Bb2 bxc4 13. bxc4 e6 14. Qc2 exd5 15.
Nxd5 Rxb2 16. Rxb2 Bf5 17. e4 Nxd5 18. cxd5 Bxb2 19. Qxb2 Bd7 20. e5 dxe5 21.
Qxe5 Bb5 22. Rc1 f6 23. Qb2 c4 24. Qb4 Re8 25. a4 Bd7 26. Bf1 Kg7 27. Nxc4 Nxc4
28. Rxc4 a5 29. Qb7 Kh6 30. Rc7 Re7 31. d6 Rg7 32. Bb5 1-0

[Event "BL 8586 Erlangen-Bayern"]
[Site "?"]
[Date "1985.??.??"]
[Round "?.2"]
[White "Huenerkopf, H."]
[Black "Kindermann, S."]
[Result "1/2-1/2"]
[WhiteElo "2320"]
[BlackElo "2480"]
[PlyCount "32"]
[EventDate "1985.??.??"]

1. e4 e6 2. d4 d5 3. Nc3 Bb4 4. Bd2 dxe4 5. Qg4 Qf6 6. Qxe4 Qg6 7. Bb5+ c6 8.
Bd3 Qxe4+ 9. Nxe4 Bxd2+ 10. Kxd2 Nd7 11. Nf3 Ngf6 12. Nxf6+ Nxf6 13. Ne5 O-O
14. Rad1 Rd8 15. Kc1 Bd7 16. Rhe1 Be8 1/2-1/2

[Event "BL 8586 Erlangen-Bayern"]
[Site "?"]
[Date "1985.??.??"]
[Round "?.3"]
[White "Bischoff, K."]
[Black "Heidrich, M."]
[Result "1/2-1/2"]
[WhiteElo "2415"]
[BlackElo "2260"]
[PlyCount "49"]
[EventDate "1985.??.??"]

1. d4 d5 2. c4 dxc4 3. Nf3 a6 4. a4 Nf6 5. e3 e6 6. Bxc4 c5 7. O-O Nc6 8. Nc3
Be7 9. d5 exd5 10. Nxd5 Nxd5 11. Bxd5 Nb4 12. Bb3 Qxd1 13. Rxd1 Bf6 14. e4 Be6
15. Bxe6 fxe6 16. Bf4 Bxb2 17. Rab1 Bf6 18. Rd6 O-O 19. Be3 a5 20. e5 Bd8 21.
Nd2 Bc7 22. Rd7 Bxe5 23. Nc4 Bd4 24. Rxb7 e5 25. h3 1/2-1/2

[Event "BL 8586 Erlangen-Bayern"]
[Site "?"]
[Date "1985.??.??"]
[Round "?.4"]
[White "Roeder, G."]
[Black "Hecht, H."]
[Result "1/2-1/2"]
[WhiteElo "2315"]
[BlackElo "2445"]
[PlyCount "102"]
[EventDate "1985.??.??"]

1. e4 e6 2. d3 d5 3. Nd2 Nf6 4. Ngf3 Nc6 5. e5 Nd7 6. d4 f6 7. exf6 Qxf6 8. Nb3
Bd6 9. Be2 O-O 10. O-O Ne7 11. Bg5 Qf7 12. Nc1 Ng6 13. Nd3 h6 14. Be3 b6 15. c3
Bb7 16. h4 Nf4 17. Bxf4 Bxf4 18. Nxf4 Qxf4 19. g3 Qd6 20. Bb5 c6 21. Bd3 e5 22.
Nxe5 Nxe5 23. dxe5 Qxe5 24. Qg4 Qf6 25. Rae1 Bc8 26. Qg6 Qxg6 27. Bxg6 Bf5 28.
Bxf5 Rxf5 29. Re7 Rf7 30. Rfe1 Kf8 31. R7e6 Rc8 32. R1e5 Rd7 33. Rf5+ Kg8 34.
Kg2 c5 35. Re2 Rcd8 36. Rf3 d4 37. cxd4 Rxd4 38. Re7 R4d7 39. Rff7 Rxe7 40.
Rxe7 Rd2 41. Rxa7 Rxb2 42. a3 c4 43. Kf3 h5 44. Ke3 c3 45. Rc7 c2 46. Kd3 c1=Q
47. Rxc1 Rxf2 48. Ke3 Rf6 49. Rc7 Kh7 50. Ra7 Rc6 51. Ra4 Kh6 1/2-1/2

[Event "BL 8586 Erlangen-Bayern"]
[Site "?"]
[Date "1985.??.??"]
[Round "?.5"]
[White "Calvo Minguez, R."]
[Black "Tischer, G."]
[Result "0-1"]
[WhiteElo "2435"]
[BlackElo "2335"]
[PlyCount "162"]
[EventDate "1985.??.??"]

1. Nf3 Nf6 2. c4 g6 3. d4 Bg7 4. Nc3 O-O 5. e4 d6 6. Be2 e5 7. d5 Nbd7 8. Bg5
h6 9. Bh4 a5 10. Nd2 Nc5 11. g4 Qe8 12. Rg1 Nh7 13. Nf1 Ng5 14. Bxg5 hxg5 15.
Ne3 Qe7 16. Qc2 Bf6 17. Rg3 Kg7 18. h3 Bd7 19. Rd1 a4 20. Qb1 Qd8 21. Rd2 Be7
22. Bd1 c6 23. b4 axb3 24. axb3 Na6 25. b4 c5 26. b5 Nb4 27. Ba4 Qc8 28. Rf3
Bd8 29. Ke2 Rh8 30. Rd1 Ba5 31. Qb2 Nd3 32. Kxd3 Bxc3 33. Qxc3 Rxa4 34. Ra1 Qa8
35. Nc2 Rxa1 36. Qxa1 Qxa1 37. Nxa1 f5 38. Rg3 Kf6 39. Nb3 Ra8 40. Ke2 Ra3 41.
Rf3 Kg7 42. Nd2 Ra2 43. Rg3 Kf6 44. Rg1 Ra3 45. f3 Ra2 46. Rh1 Bc8 47. Rh2 Ra1
48. gxf5 gxf5 49. h4 g4 50. fxg4 fxg4 51. Rf2+ Kg7 52. Nf1 Ra2+ 53. Ke1 Ra1+
54. Ke2 Ra2+ 55. Ke1 Ra3 56. Ke2 g3 57. Nxg3 Rxg3 58. Rh2 Bg4+ 59. Kd2 Ra3 60.
Rh1 Rh3 61. Ra1 Rxh4 62. Ra7 Bc8 63. Ke3 Kf6 64. Ra8 Rh8 65. b6 Kg5 66. Rb8 Kg4
67. Ra8 Kg3 68. Rb8 Re8 69. Ra8 Bd7 70. Ra7 Rb8 71. Ra1 Bh3 72. Ra2 Bg2 73. Ra1
Rf8 74. Ra7 Rf3+ 75. Kd2 Rb3 76. Rxb7 Bxe4 77. Rb8 Kf2 78. b7 Bf3 79. Kc2 Rb4
80. Rd8 Rxb7 81. Rxd6 e4 0-1

[Event "BL 8586 Erlangen-Bayern"]
[Site "?"]
[Date "1985.??.??"]
[Round "?.6"]
[White "Autenrieth, M."]
[Black "Hertneck, G."]
[Result "0-1"]
[WhiteElo "2315"]
[BlackElo "2410"]
[PlyCount "85"]
[EventDate "1985.??.??"]

1. d4 d5 2. c4 dxc4 3. Nf3 Nf6 4. Nc3 a6 5. a4 Nc6 6. a5 e6 7. e4 Bb4 8. Bg5 h6
9. Bxf6 Qxf6 10. Bxc4 O-O 11. O-O Bxa5 12. Ne2 Bb6 13. e5 Qe7 14. Qd3 Nb4 15.
Qe4 Bd7 16. Ra3 Bc6 17. Qg4 Rad8 18. Rd1 Kh8 19. h4 Bxf3 20. Rxf3 c5 21. Rg3
Rg8 22. Nf4 Nc6 23. Bxe6 Nxd4 24. Bxf7 Qxf7 25. Ng6+ Kh7 26. Qe4 Nf5 27. Rxd8
Rxd8 28. e6 Qf6 29. e7 Nxg3 30. Nf8+ Kg8 31. fxg3 Rxf8 32. exf8=Q+ Kxf8 33.
Qxb7 Qxb2 34. Qc8+ Ke7 35. Qb7+ Ke6 36. Qc8+ Ke5 37. Qb8+ Kd4 38. Qd6+ Kc4 39.
Qe6+ Kb5 40. Qe8+ Kb4 41. Qe1+ Ka3 42. Qe3+ Ka2 43. Qe6+ 0-1

[Event "BL 8586 Erlangen-Bayern"]
[Site "?"]
[Date "1985.??.??"]
[Round "?.7"]
[White "Klundt, K."]
[Black "Roeder, F."]
[Result "1/2-1/2"]
[WhiteElo "2340"]
[BlackElo "2250"]
[PlyCount "110"]
[EventDate "1985.??.??"]

1. e4 c5 2. Nf3 Nc6 3. d4 cxd4 4. Nxd4 e5 5. Nb5 a6 6. Nd6+ Bxd6 7. Qxd6 Qe7 8.
Qd1 Nf6 9. Nc3 h6 10. Be3 O-O 11. Be2 d6 12. Qd2 Be6 13. Rd1 Rad8 14. Bb6 Rd7
15. Nd5 Bxd5 16. exd5 Nd4 17. Bxd4 exd4 18. O-O Rc7 19. Rfe1 Qd7 20. Bd3 Qa4
21. a3 Nxd5 22. Re4 f5 23. Re6 Qd7 24. Rde1 Ne3 25. Rg6 Ng4 26. Qb4 Re8 27. Rf1
Rc6 28. Qxd4 Ne5 29. Rg3 f4 30. Qxf4 Nxd3 31. cxd3 d5 32. h3 Re2 33. b4 Qf7 34.
Qh4 Rf6 35. f4 Ra2 36. d4 Rd2 37. f5 Rxf5 38. Rxf5 Qxf5 39. Qd8+ Kh7 40. Qc7
Qf2+ 41. Kh2 Qxd4 42. Rg4 Qf6 43. Rf4 Qb2 44. Rg4 Re2 45. Qg3 Qe5 46. Qxe5 Rxe5
47. b5 Re4 48. bxa6 bxa6 49. Rg3 g5 50. Rb3 Re6 51. Rb7+ Kg6 52. Rd7 Re5 53.
Kg3 Kf5 54. Kf3 a5 55. Rd6 g4+ 1/2-1/2

[Event "BL 8586 Bamberg-München 36"]
[Site "?"]
[Date "1985.??.??"]
[Round "?.1"]
[White "Unzicker, W."]
[Black "Pfleger, He"]
[Result "1/2-1/2"]
[WhiteElo "2470"]
[BlackElo "2490"]
[PlyCount "37"]
[EventDate "1985.??.??"]

1. e4 d6 2. d4 Nf6 3. Nc3 g6 4. Nf3 Bg7 5. Be2 O-O 6. O-O c6 7. a4 a5 8. h3 Na6
9. Be3 Nb4 10. Qd2 Qc7 11. Rad1 Re8 12. Rfe1 e5 13. Bf1 Qe7 14. dxe5 dxe5 15.
Bb6 Nd7 16. Bc7 Bf8 17. Nb1 b6 18. Na3 Ra7 19. Bd6 1/2-1/2

[Event "BL 8586 Bamberg-München 36"]
[Site "?"]
[Date "1985.??.??"]
[Round "?.2"]
[White "Seppeur, R."]
[Black "Smejkal, J."]
[Result "0-1"]
[WhiteElo "2295"]
[BlackElo "2565"]
[PlyCount "51"]
[EventDate "1985.??.??"]

1. e4 c5 2. Nf3 e6 3. d3 Nc6 4. g3 d5 5. Nbd2 g6 6. Bg2 Bg7 7. O-O Nge7 8. Re1
b6 9. Nf1 Bb7 10. c3 dxe4 11. dxe4 Qxd1 12. Rxd1 Na5 13. Ne1 Nec6 14. Ne3 O-O
15. Rb1 Rfd8 16. Bd2 Ne5 17. b3 Rd7 18. c4 Nec6 19. Kf1 Rad8 20. Bc3 Nxc4 21.
Rxd7 Nxe3+ 22. fxe3 Rxd7 23. Bxg7 Kxg7 24. Rb2 Ne5 25. h3 Rd1 26. Ke2 0-1

[Event "BL 8586 Bamberg-München 36"]
[Site "?"]
[Date "1985.??.??"]
[Round "?.3"]
[White "Nikolac, J."]
[Black "Rodriguez, M."]
[Result "1-0"]
[WhiteElo "2440"]
[BlackElo "2465"]
[PlyCount "89"]
[EventDate "1985.??.??"]

1. g3 g6 2. Bg2 Bg7 3. e4 c5 4. f4 b5 5. Nf3 Bb7 6. d3 e6 7. O-O d5 8. exd5
exd5 9. f5 Nc6 10. Nc3 b4 11. Na4 Qa5 12. c3 Nce7 13. fxg6 hxg6 14. d4 cxd4 15.
cxb4 Qxb4 16. a3 Qd6 17. Bf4 Qd8 18. Nc5 Qb6 19. Rc1 Rc8 20. b4 Ba6 21. Re1 Bc4
22. Ne5 Qb5 23. Nxc4 dxc4 24. Rxc4 Kf8 25. Rc1 a5 26. a4 Qe8 27. b5 Qd8 28. b6
d3 29. Qxd3 Qxb6 30. Be3 Qd8 31. Nd7+ Ke8 32. Rxc8 Qxc8 33. Nb6 Qf5 34. Qd6 Be5
35. Bc6+ Nxc6 36. Qxc6+ Kf8 37. Nd7+ Kg7 38. Nxe5 Nf6 39. Bd4 Rd8 40. Rf1 Qg5
41. Qc3 Ne4 42. Nxf7+ Kg8 43. Nxg5 Nxc3 44. Bxc3 Rd3 45. Ne4 1-0

[Event "BL 8586 Bamberg-München 36"]
[Site "?"]
[Date "1985.??.??"]
[Round "?.4"]
[White "Ruehrig, V."]
[Black "Bastian, H."]
[Result "1/2-1/2"]
[WhiteElo "2375"]
[BlackElo "2375"]
[PlyCount "140"]
[EventDate "1985.??.??"]

1. Nf3 Nf6 2. d4 g6 3. Bg5 Bg7 4. Nbd2 d5 5. e3 O-O 6. Bd3 c5 7. c3 b6 8. Qe2
Bb7 9. Bxf6 exf6 10. g4 Qc8 11. h3 Nc6 12. O-O Re8 13. Rfc1 c4 14. Bc2 b5 15.
Nh4 Bf8 16. Qf3 Qd7 17. Ng2 Bg7 18. Re1 Nd8 19. e4 Ne6 20. h4 Rad8 21. Ne3 Nc7
22. exd5 Nxd5 23. Be4 Nxe3 24. Rxe3 Bc8 25. Bc6 Rxe3 26. fxe3 Qe7 27. Bxb5 Bxg4
28. Qe4 Be6 29. Bxc4 f5 30. Qf4 Bxc4 31. Nxc4 Bf6 32. e4 fxe4 33. Re1 Re8 34.
Nd2 Qd8 35. Rxe4 Rxe4 36. Qxe4 Bxh4 37. Nf3 Bf6 38. c4 Qb8 39. b3 Qg3+ 40. Kf1
h5 41. Qe2 h4 42. Qf2 Qf4 43. Ne5 Bxe5 44. dxe5 Qe4 45. Kg1 h3 46. Qg3 Qb1+ 47.
Kh2 Qxa2+ 48. Kxh3 Qe2 49. Qc3 Qf1+ 50. Kg3 Qg1+ 51. Kf3 Qf1+ 52. Kg3 Qg1+ 53.
Kf4 Qf2+ 54. Ke4 Qf5+ 55. Kd5 Qe6+ 56. Kd4 f6 57. Qg3 Kf7 58. exf6 Qxf6+ 59.
Kd5 Qe6+ 60. Kd4 Qf6+ 61. Kd3 Qf5+ 62. Ke3 Qe6+ 63. Kd4 Qf6+ 64. Kc5 Qe7+ 65.
Kb5 Qb7+ 66. Ka4 Qa6+ 67. Kb4 Qb6+ 68. Kc3 Qa5+ 69. Kd4 Qd2+ 70. Ke4 Qe2+
1/2-1/2

[Event "BL 8586 Bamberg-München 36"]
[Site "?"]
[Date "1985.??.??"]
[Round "?.6"]
[White "Kestler, H."]
[Black "Kaiser, W."]
[Result "1/2-1/2"]
[WhiteElo "2410"]
[BlackElo "2355"]
[PlyCount "42"]
[EventDate "1985.??.??"]

1. c4 Nf6 2. Nf3 g6 3. g3 Bg7 4. Bg2 O-O 5. O-O d6 6. Nc3 Nc6 7. d4 Bg4 8. Be3
Nd7 9. Rc1 e5 10. d5 Bxf3 11. Bxf3 Ne7 12. Bg2 f5 13. Qd2 Kh8 14. b4 f4 15.
gxf4 Nf5 16. Ne4 Nxe3 17. fxe3 Bh6 18. c5 Nf6 19. Nxf6 Qxf6 20. Rf3 Rae8 21.
Rcf1 Qe7 1/2-1/2

[Event "BL 8586 Sindelfingen-Porz"]
[Site "?"]
[Date "1985.??.??"]
[Round "?.1"]
[White "Miles, A."]
[Black "Darga, K."]
[Result "1/2-1/2"]
[WhiteElo "2560"]
[BlackElo "2470"]
[PlyCount "64"]
[EventDate "1985.??.??"]

1. e4 e6 2. d4 d5 3. Nc3 Nc6 4. Nf3 Nf6 5. exd5 exd5 6. Bb5 Bb4 7. Ne5 O-O 8.
O-O Nxe5 9. dxe5 Bxc3 10. bxc3 Ne4 11. Bd3 Qe7 12. Bf4 Nxc3 13. Qh5 g6 14. Qh6
f5 15. exf6 Qxf6 16. Bxc7 Bf5 17. f4 Bxd3 18. cxd3 Rae8 19. h3 Rf7 20. Ba5 Ne2+
21. Kh2 Nxf4 22. Rae1 Rxe1 23. Rxe1 Nxd3 24. Re8+ Rf8 25. Qe3 Qf4+ 26. Qxf4
Nxf4 27. Re7 Rf7 28. Re8+ Rf8 29. Re7 Rf7 30. Re8+ Kg7 31. Bc3+ Kh6 32. Bd2 Kg7
1/2-1/2